[Event "Dublin Gonzaga Masters"]
[Site "Dublin"]
[Date "2024.01.28"]
[Round "5"]
[White "Delaney, John Anthony"]
[Black "Tsyn, Igor"]
[Result "1-0"]
[WhiteElo "2217"]
[BlackElo "2035"]
[PlyCount "191"]
[EventDate "2024.01.26"]
[EventType "swiss"]
[EventRounds "5"]
[EventCountry "IRL"]
[SourceTitle "CB05_2024"]
[SourceDate "2024.01.31"]
[SourceVersion "1"]
[SourceVersionDate "2024.01.31"]
[SourceQuality "1"]

1. e4 e6 2. d4 d5 3. Nc3 Bb4 4. e5 Ne7 5. a3 Bxc3+ 6. bxc3 c5 7. a4 Nbc6 8. Nf3 Qa5 9. Qd2 cxd4 10. cxd4 Qxd2+ 11. Bxd2 Nf5 12. Bc3 0-0 13. a5 Bd7 14. Kd2 Rfb8 15. Bd3 b5 16. g4 Nfe7 17. Ke3 a6 18. Nd2 Nd8 19. Bb4 Nec6 20. Bc5 Nb7 21. Bb6 Nb4 22. f4 Rc8 23. Rhc1 Rc3 24. Nb1 Nxd3 25. Nxc3 Nxc1 26. Rxc1 Rc8 27. Kd2 Rc4 28. Ra1 b4 29. Nd1 Bb5 30. Rb1 h6 31. Ne3 Rc3 32. Rb3 Kh7 33. Rxc3 bxc3+ 34. Kxc3 h5 35. h3 Kh6 36. Kd2 g5 37. f5 h4 38. c4 dxc4 39. Kc3 Kg7 40. f6+ Kf8 41. Nxc4 Bc6 42. Ne3 Bf3 43. Kd2 Ke8 44. Ke1 Be4 45. Nd1 Kd7 46. Kf2 Ke8 47. Nc3 Bc6 48. Na2 Bd5 49. Nc1 Bc4 50. Ne2 Kf8 51. Ng1 Bd5 52. Bc7 Kg8 53. Ne2 Kh7 54. Nc1 Bc4 55. Bb6 Kg6 56. Ne2 Bd5 57. Nc3 Bc6 58. Nd1 Bd5 59. Ke3 Bg2 60. Nf2 Kh6 61. Kd3 Kg6 62. Kc3 Kh6 63. Kb4 Kg6 64. Bc7 Bf1 65. d5 exd5 66. Bb6 Bg2 67. Kc3 Kh6 68. Kd4 Kg6 69. Bc7 Bf1 70. Kxd5 Bg2+ 71. Kd4 Bf1 72. Bb6 Bg2 73. Ke3 Kh6 74. Kd3 Bf1+ 75. Kd4 Kg6 76. Ke4 Bg2+ 77. Ke3 Kh6 78. Bd4 Nxa5 79. Bc3 Nb7 80. e6 Kg6 81. e7 Nd6 82. Be5 Ne8 83. Ne4 Bxh3 84. Nd6 Nc7 85. Nb5 Bxg4 86. Nxc7 Bd7 87. e8Q Bxe8 88. Nxe8 Kf5 89. Kd4 g4 90. Nd6+ Ke6 91. Ke4 g3 92. Nb7 Kd7 93. Nc5+ Kc6 94. Nxa6 g2 95. Bh2 Kd7 96. Kd5 1-0

[Event "IRL-ch Seniors 50"]
[Site "Dublin"]
[Date "2024.01.05"]
[Round "2"]
[White "Aherne, John P"]
[Black "Delaney, John Anthony"]
[Result "0-1"]
[WhiteElo "1854"]
[BlackElo "2217"]
[PlyCount "46"]
[EventDate "2024.01.04"]
[EventType "swiss"]
[EventRounds "7"]
[EventCountry "IRL"]
[SourceTitle "CB02_2024"]
[SourceDate "2024.01.10"]
[SourceVersion "1"]
[SourceVersionDate "2024.01.10"]
[SourceQuality "1"]

1. d4 f5 2. c4 Nf6 3. Nc3 e6 4. g3 c6 5. Bg2 d5 6. cxd5 exd5 7. Nf3 Bd6 8. 0-0 0-0 9. Qc2 Ne4 10. Ne1 Nd7 11. Nd3 Qf6 12. Be3 Nb6 13. b3 Be6 14. a4 a5 15. f3 Nxc3 16. Qxc3 Nd7 17. Rac1 Bf7 18. Rc2 Rfe8 19. Bf2 Qe7 20. e3 Nf6 21. Re1 Bh5 22. Nf4 Bb4 23. Nxh5 Nxh5 0-1

[Event "Dublin Irish Easter IM"]
[Site "Dublin"]
[Date "2018.04.01"]
[Round "8"]
[White "O'Gorman, Tom"]
[Black "Delaney, John Anthony"]
[Result "1-0"]
[WhiteElo "2145"]
[BlackElo "2219"]
[PlyCount "165"]
[EventDate "2018.03.28"]
[EventType "tourn"]
[EventRounds "9"]
[EventCountry "IRL"]
[SourceTitle "CBM 183 Extra"]
[Source "ChessBase"]
[SourceDate "2018.04.19"]
[SourceVersion "1"]
[SourceVersionDate "2018.04.19"]
[SourceQuality "1"]

1. e4 e6 2. d4 d5 3. Nc3 Bb4 4. e5 b6 5. Qg4 Bf8 6. Nf3 Qd7 7. a4 Ba6 8. Nb5 Ne7 9. Qf4 Ng6 10. Qg3 c6 11. Nd6+ Bxd6 12. exd6 Bxf1 13. Kxf1 Na6 14. h4 f6 15. h5 Nf8 16. c3 0-0-0 17. a5 Kb7 18. b3 Rg8 19. Ba3 g5 20. Kg1 c5 21. b4 cxb4 22. cxb4 b5 23. Nd2 Rg7 24. Qd3 Ka8 25. Nb3 Qxd6 26. Qxb5 Rb8 27. Qa4 Nxb4 28. Nc5 Na6 29. Rh3 Rc7 30. Rc3 Nxc5 31. Bxc5 Qf4 32. Rac1 Rbc8 33. a6 Nd7 34. Qa3 Qd2 35. R3c2 Qf4 36. g3 Qe4 37. Qb4 Rb8 38. Qa5 Rbc8 39. Rb2 Nxc5 40. Rxc5 Rxc5 41. dxc5 Qc4 42. Qb5 Qxb5 43. Rxb5 Rb8 44. Ra5 Rb1+ 45. Kg2 Kb8 46. Ra3 Rc1 47. Re3 d4 48. Rxe6 Rxc5 49. Rxf6 d3 50. Rd6 Rc3 51. Kf3 Kc7 52. Rd4 Ra3 53. Ke3 Rxa6 54. Rxd3 Rd6 55. Ra3 Kb6 56. Ke4 a5 57. f4 gxf4 58. gxf4 Kb5 59. Ke5 Rd1 60. f5 Rh1 61. f6 Rxh5+ 62. Kf4 Rh4+ 63. Ke5 Rh5+ 64. Ke6 Rh6 65. Ke7 Rh1 66. Rf3 Re1+ 67. Kd7 Rd1+ 68. Kc7 Rc1+ 69. Kb7 Re1 70. Rf5+ Kb4 71. f7 Re7+ 72. Kc6 Rxf7 73. Rxf7 a4 74. Rf4+ Kb3 75. Kb5 a3 76. Rf3+ Kb2 77. Kb4 a2 78. Rf2+ Kb1 79. Kb3 a1N+ 80. Kc3 h6 81. Rh2 h5 82. Rxh5 Ka2 83. Rb5 1-0

[Event "Dublin Irish Easter IM"]
[Site "Dublin"]
[Date "2018.03.30"]
[Round "4"]
[White "Delaney, John Anthony"]
[Black "O'Donnell, Conor"]
[Result "0-1"]
[WhiteElo "2219"]
[BlackElo "2333"]
[PlyCount "70"]
[EventDate "2018.03.28"]
[EventType "tourn"]
[EventRounds "9"]
[EventCountry "IRL"]
[SourceTitle "CBM 183 Extra"]
[Source "ChessBase"]
[SourceDate "2018.04.19"]
[SourceVersion "1"]
[SourceVersionDate "2018.04.19"]
[SourceQuality "1"]

1. e4 d6 2. Nc3 Nf6 3. g3 e5 4. Bg2 Be7 5. Nge2 0-0 6. 0-0 c6 7. d4 Nbd7 8. h3 b5 9. a3 a5 10. Kh2 Bb7 11. Re1 Nb6 12. f4 b4 13. Nb1 Qc7 14. b3 c5 15. d5 c4 16. Nd2 Ba6 17. Nf1 Nfd7 18. Bd2 exf4 19. gxf4 Bf6 20. e5 dxe5 21. axb4 c3 22. Be3 Bxe2 23. Rxe2 axb4 24. Rxa8 Nxa8 25. d6 Qa5 26. Ng3 Nab6 27. Nf5 Re8 28. Bc6 Rd8 29. Qg1 g6 30. Ne7+ Kf8 31. Bxd7 Nxd7 32. Nc6 Qa6 33. Qg2 Ke8 34. f5 e4 35. Bh6 Qxc6 0-1

[Event "Dublin Irish Easter IM"]
[Site "Dublin"]
[Date "2018.03.29"]
[Round "2"]
[White "Delaney, John Anthony"]
[Black "Delaney, Killian"]
[Result "0-1"]
[WhiteElo "2219"]
[BlackElo "2200"]
[PlyCount "72"]
[EventDate "2018.03.28"]
[EventType "tourn"]
[EventRounds "9"]
[EventCountry "IRL"]
[SourceTitle "CBM 183 Extra"]
[Source "ChessBase"]
[SourceDate "2018.04.19"]
[SourceVersion "1"]
[SourceVersionDate "2018.04.19"]
[SourceQuality "1"]

1. e4 c6 2. d4 d5 3. e5 c5 4. dxc5 e6 5. Be3 Nc6 6. Nf3 Nh6 7. c4 Nf5 8. Bg5 Qa5+ 9. Nbd2 h6 10. Bf4 g5 11. Bg3 Bxc5 12. Bd3 dxc4 13. Be4 Nxg3 14. hxg3 g4 15. Bxc6+ bxc6 16. Ng5 Ba6 17. Nxf7 Kxf7 18. Qxg4 Bxf2+ 19. Kxf2 Qxd2+ 20. Kg1 Qg5 21. Qf3+ Kg6 22. Qxc6 Qxe5 23. Rh4 Bb5 24. Rg4+ Kh5 25. Qf3 Rhf8 26. Rf4+ Kg6 27. Qb7 Rxf4 28. Qxa8 Qc5+ 29. Kh2 Rf8 30. Qe4+ Qf5 31. Qd4 Bc6 32. Re1 Bd5 33. Re5 Qf2 34. Qg4+ Kh7 35. Re2 Qf5 36. Qh4 Rg8 0-1

[Event "IRL-chT"]
[Site "Dublin"]
[Date "2016.04.23"]
[Round "2"]
[White "Delaney, John Anthony"]
[Black "Collins, Sam E"]
[Result "1/2-1/2"]
[WhiteElo "2209"]
[BlackElo "2416"]
[PlyCount "46"]
[EventDate "2016.04.23"]
[EventType "team-swiss"]
[EventRounds "4"]
[EventCountry "IRL"]
[SourceTitle "EXT 2023"]
[Source "ChessBase"]
[SourceDate "2022.10.05"]
[SourceVersion "1"]
[SourceVersionDate "2022.10.05"]
[SourceQuality "1"]

1. e4 e5 2. Nf3 Nc6 3. Bb5 a6 4. Ba4 Nf6 5. 0-0 Be7 6. Re1 b5 7. Bb3 0-0 8. a4 b4 9. d4 d6 10. h3 h6 11. c3 Rb8 12. Nbd2 Nd7 13. Nf1 Bf6 14. Bc2 bxc3 15. bxc3 exd4 16. cxd4 Nb4 17. Bb1 c5 18. Bf4 Be7 19. Ne3 cxd4 20. Nf5 d3 21. Bxd3 Bf6 22. Bxd6 Bxa1 23. Qxa1 Nf6 1/2-1/2

[Event "IRL-chT"]
[Site "Dublin"]
[Date "2016.04.23"]
[Round "1"]
[White "Pocevicius, Dovydas"]
[Black "Delaney, John Anthony"]
[Result "0-1"]
[WhiteElo "1750"]
[BlackElo "2209"]
[PlyCount "100"]
[EventDate "2016.04.23"]
[EventType "team-swiss"]
[EventRounds "4"]
[EventCountry "IRL"]
[SourceTitle "EXT 2023"]
[Source "ChessBase"]
[SourceDate "2022.10.05"]
[SourceVersion "1"]
[SourceVersionDate "2022.10.05"]
[SourceQuality "1"]

1. e4 e6 2. d4 d5 3. e5 Bd7 4. Nf3 a6 5. Bd3 Bb5 6. 0-0 Bxd3 7. Qxd3 c5 8. c3 Nc6 9. Be3 Qb6 10. Nbd2 cxd4 11. cxd4 Nge7 12. Nh4 g5 13. Bxg5 Qxd4 14. Qxd4 Nxd4 15. Bf6 Rg8 16. Bxe7 Bxe7 17. Nhf3 Ne2+ 18. Kh1 Nf4 19. g3 Nd3 20. Ne1 Nxe5 21. f4 Ng4 22. f5 Ne3 23. Rf3 Nxf5 24. Rc1 Bg5 25. Rd3 Nd6 26. Nef3 Bxd2 27. Rxd2 Rc8 28. Rxc8+ Nxc8 29. Rd4 Nd6 30. Rh4 Rg7 31. Kg2 f6 32. b3 e5 33. Rb4 Rc7 34. a4 d4 35. Kf2 Rc2+ 36. Ke1 Kd7 37. h3 b5 38. Nxd4 exd4 39. Rxd4 Rc3 40. axb5 axb5 41. Rh4 Rxb3 42. Rxh7+ Ke6 43. g4 Rg3 44. Rh8 Ke5 45. Ke2 b4 46. Kd2 b3 47. Rh5+ Kd4 48. Rh4 Ne4+ 49. Ke2 Re3+ 50. Kf1 b2 0-1

[Event "Ennis op"]
[Site "Ennis"]
[Date "2014.05.25"]
[Round "5.2"]
[White "Filip, Lucian Ioan"]
[Black "Delaney, John Anthony"]
[Result "1-0"]
[WhiteElo "2455"]
[BlackElo "2211"]
[PlyCount "77"]
[EventDate "2014.05.23"]
[EventType "swiss"]
[EventRounds "6"]
[EventCountry "IRL"]
[SourceTitle "EXT 2023"]
[Source "ChessBase"]
[SourceDate "2022.10.05"]
[SourceVersion "1"]
[SourceVersionDate "2022.10.05"]
[SourceQuality "1"]

1. d4 Nf6 2. c4 c5 3. d5 e5 4. Nc3 d6 5. e4 Nbd7 6. Nf3 a6 7. Be2 g6 8. 0-0 Bg7 9. a3 0-0 10. Bg5 Qc7 11. Ne1 Kh8 12. Kh1 Ng8 13. g4 Rb8 14. a4 Ndf6 15. Rg1 Bd7 16. Be3 Qd8 17. a5 b6 18. axb6 Rxb6 19. Nd3 Qb8 20. g5 Ne8 21. b4 cxb4 22. Na4 Bxa4 23. Qxa4 f5 24. Bxb6 Qxb6 25. c5 dxc5 26. Qxa6 Qc7 27. Qa7 fxe4 28. Nxc5 Qd6 29. Rgd1 Rf4 30. Ne6 b3 31. Bb5 e3 32. Bxe8 Ne7 33. Qc5 Qxc5 34. Nxc5 b2 35. Rab1 e2 36. Re1 Nxd5 37. Rxb2 Rc4 38. Ne6 Nf4 39. Nxf4 1-0

[Event "Dublin Masters"]
[Site "Dublin"]
[Date "2011.09.04"]
[Round "6"]
[White "Cafolla, Peter"]
[Black "Delaney, John Anthony"]
[Result "0-1"]
[WhiteElo "2053"]
[BlackElo "2224"]
[PlyCount "58"]
[EventDate "2011.09.02"]
[EventType "swiss"]
[EventRounds "6"]
[EventCountry "IRL"]
[SourceTitle "EXT 2023"]
[Source "ChessBase"]
[SourceDate "2022.10.05"]
[SourceVersion "1"]
[SourceVersionDate "2022.10.05"]
[SourceQuality "1"]

1. e4 c5 2. Nc3 e6 3. g3 d5 4. exd5 exd5 5. Bg2 d4 6. Qe2+ Be7 7. Nd5 Nc6 8. d3 Be6 9. Nxe7 Ngxe7 10. Nh3 Bd5 11. 0-0 Bxg2 12. Kxg2 Qd5+ 13. Kg1 0-0-0 14. Nf4 Qd7 15. Qf3 h5 16. Bd2 g5 17. Ne2 g4 18. Qg2 Ne5 19. Rfd1 h4 20. Bf4 Nf3+ 21. Kf1 h3 22. Qh1 Qc6 23. c3 dxc3 24. bxc3 Rhe8 25. d4 Nf5 26. Be3 Nxe3+ 27. fxe3 Rxe3 28. Kf2 Rde8 29. Nf4 Qb5 0-1

[Event "Dublin City"]
[Site "Dublin"]
[Date "2011.08.29"]
[Round "7"]
[White "Brady, Stephen"]
[Black "Delaney, John Anthony"]
[Result "1-0"]
[WhiteElo "2357"]
[BlackElo "2224"]
[PlyCount "124"]
[EventDate "2011.08.26"]
[EventType "tourn"]
[EventRounds "9"]
[EventCountry "IRL"]
[EventCategory "2"]
[SourceTitle "CBM 144 Extra"]
[Source "ChessBase"]
[SourceDate "2011.10.28"]
[SourceVersion "1"]
[SourceVersionDate "2011.10.28"]
[SourceQuality "1"]

1. e4 c5 2. c3 d6 3. d4 Nf6 4. dxc5 Nc6 5. Bc4 Nxe4 6. Bxf7+ Kxf7 7. Qd5+ e6 8. Qxe4 d5 9. Qf3+ Kg8 10. Be3 Ne5 11. Qe2 Ng6 12. Nf3 b6 13. cxb6 axb6 14. Qb5 Bd7 15. Qxb6 Qxb6 16. Bxb6 Rb8 17. Bd4 Rxb2 18. 0-0 Nf4 19. Nbd2 Ne2+ 20. Kh1 Nxd4 21. cxd4 Bd6 22. Rfb1 Rxb1+ 23. Rxb1 Kf7 24. Rb7 Ke7 25. g3 Rb8 26. Rxb8 Bxb8 27. Kg2 Bb5 28. Ne5 Ba7 29. Nb3 Kf6 30. Kf3 h6 31. Ke3 Bb8 32. f4 g5 33. a4 gxf4+ 34. gxf4 Be8 35. Ng4+ Kf5 36. Nxh6+ Kg6 37. Ng4 Bxa4 38. Nc5 Bc2 39. Kf3 Bf5 40. Ne5+ Kh5 41. Kg3 Bc7 42. Nc6 Bb6 43. Nd7 Bc7 44. Ne7 Bd3 45. Nc5 Bf5 46. Nd7 Bc2 47. Nf6+ Kh6 48. Ng4+ Kg7 49. Nc6 Bb6 50. Nge5 Ba4 51. Kg4 Bd1+ 52. Kg5 Bc7 53. h4 Ba4 54. h5 Bd6 55. h6+ Kh7 56. Nf7 Bxf4+ 57. Kxf4 Bxc6 58. Kg5 Bb5 59. Ne5 Ba4 60. Ng4 Bc2 61. Nf6+ Kh8 62. Kf4 Bf5 1-0

[Event "Dublin City"]
[Site "Dublin"]
[Date "2011.08.27"]
[Round "3"]
[White "Wall, Gavin"]
[Black "Delaney, John Anthony"]
[Result "0-1"]
[WhiteElo "2329"]
[BlackElo "2224"]
[PlyCount "62"]
[EventDate "2011.08.26"]
[EventType "tourn"]
[EventRounds "9"]
[EventCountry "IRL"]
[EventCategory "2"]
[SourceTitle "CBM 144 Extra"]
[Source "ChessBase"]
[SourceDate "2011.10.28"]
[SourceVersion "1"]
[SourceVersionDate "2011.10.28"]
[SourceQuality "1"]

1. e4 g6 2. d4 Bg7 3. Nc3 d6 4. h4 Nd7 5. h5 c5 6. d5 a6 7. g4 Qa5 8. Qd2 b5 9. g5 Nb6 10. h6 Bf8 11. b3 e5 12. f4 f6 13. Bb2 c4 14. a3 cxb3 15. cxb3 Nd7 16. Nf3 Be7 17. fxe5 Nxe5 18. Nxe5 fxe5 19. Rg1 Qb6 20. Rg3 Bd7 21. Ne2 Rc8 22. Nd4 Nxh6 23. Bh3 Bxh3 24. Rxh3 Nf7 25. Nf3 Nxg5 26. Nxg5 Qg1+ 27. Ke2 Qxg5 28. Qxg5 Bxg5 29. Kd3 0-0 30. a4 b4 31. Rg1 Rf2 0-1

[Event "Collado Villalba op-A 27th"]
[Site "Collado Villalba"]
[Date "2010.08.22"]
[Round "3"]
[White "Delaney, John Anthony"]
[Black "Fier, Alexandr"]
[Result "0-1"]
[WhiteElo "2210"]
[BlackElo "2570"]
[PlyCount "94"]
[EventDate "2010.08.20"]
[EventType "swiss"]
[EventRounds "10"]
[EventCountry "ESP"]
[SourceTitle "CBM 138 Extra"]
[Source "ChessBase"]
[SourceDate "2010.10.29"]
[SourceVersion "1"]
[SourceVersionDate "2010.10.29"]
[SourceQuality "1"]

1. e4 c5 2. Nf3 d6 3. d4 cxd4 4. Nxd4 Nf6 5. Nc3 e6 6. Be2 Be7 7. 0-0 0-0 8. Be3 Nc6 9. f4 Bd7 10. Kh1 a6 11. a3 b5 12. Qe1 Qb8 13. Qg3 b4 14. axb4 Qxb4 15. Nxc6 Bxc6 16. e5 dxe5 17. fxe5 Ne4 18. Nxe4 Bxe4 19. Qg4 a5 20. Rac1 Bf5 21. Qxb4 axb4 22. Bc4 Ra5 23. Bd4 Rc8 24. Bb3 h5 25. c3 Rb5 26. Ba4 Rb7 27. Bc2 Bg5 28. Bxf5 Bxc1 29. Bxe6 fxe6 30. Rxc1 Ra8 31. cxb4 Rxb4 32. Bc3 Rba4 33. Kg1 Ra1 34. Rxa1 Rxa1+ 35. Kf2 g5 36. Ke3 Kf7 37. Kf3 Kg6 38. h3 Rf1+ 39. Ke2 Rf4 40. Ke3 Kf5 41. g3 Rf1 42. b4 Rh1 43. Kd4 Rxh3 44. b5 h4 45. gxh4 gxh4 46. b6 Rg3 47. Be1 Rb3 0-1

[Event "IRL-ch"]
[Site "Dublin"]
[Date "2010.07.07"]
[Round "5"]
[White "Delaney, John Anthony"]
[Black "Orr, Mark JL"]
[Result "1/2-1/2"]
[WhiteElo "2210"]
[BlackElo "2247"]
[PlyCount "36"]
[EventDate "2010.07.03"]
[EventType "swiss"]
[EventRounds "9"]
[EventCountry "IRL"]
[SourceTitle "CBM 137 Extra"]
[Source "ChessBase"]
[SourceDate "2010.09.01"]
[SourceVersion "1"]
[SourceVersionDate "2010.09.01"]
[SourceQuality "1"]

1. e4 c5 2. Nf3 Nc6 3. d4 cxd4 4. Nxd4 g6 5. c4 Bg7 6. Be3 Nf6 7. Nc3 Ng4 8. Qxg4 Nxd4 9. Qd1 Ne6 10. Qd2 Qa5 11. Rb1 Bxc3 12. bxc3 d6 13. c5 Nxc5 14. Bb5+ Bd7 15. Bxd7+ Nxd7 16. 0-0 Qc7 17. Qd5 Nb6 18. Qb5+ Qd7 1/2-1/2

[Event "IRL-ch"]
[Site "Dublin"]
[Date "2010.07.05"]
[Round "3"]
[White "Delaney, John Anthony"]
[Black "Butler, Kevin J"]
[Result "1-0"]
[WhiteElo "2210"]
[BlackElo "2054"]
[PlyCount "143"]
[EventDate "2010.07.03"]
[EventType "swiss"]
[EventRounds "9"]
[EventCountry "IRL"]
[SourceTitle "EXT 2023"]
[Source "ChessBase"]
[SourceDate "2022.10.05"]
[SourceVersion "1"]
[SourceVersionDate "2022.10.05"]
[SourceQuality "1"]

1. e4 e5 2. Nf3 Nc6 3. Bc4 Nf6 4. d3 Be7 5. Nc3 0-0 6. h3 d6 7. Be3 Na5 8. Bb3 Nxb3 9. axb3 a6 10. d4 exd4 11. Nxd4 Re8 12. Qf3 Bd7 13. g4 g6 14. 0-0-0 Be6 15. Nf5 Nd7 16. Nxe7+ Qxe7 17. Qg3 f6 18. h4 Ne5 19. f3 Rad8 20. Rd2 Qf7 21. Nd5 Bxd5 22. Rxd5 c6 23. Rd2 Qe6 24. Rhd1 Rd7 25. Kb1 d5 26. exd5 cxd5 27. Bd4 Nc6 28. Bc5 b5 29. Rd3 Ne5 30. Re3 Qc6 31. Bd4 Rde7 32. Rde1 Qd6 33. g5 Nf7 34. Rxe7 Rxe7 35. Rxe7 Qxe7 36. gxf6 Qd6 37. Qe1 h6 38. Qe7 Qxe7 39. fxe7 Nd6 40. Be5 Ne8 41. Bf4 Kf7 42. Bxh6 Kxe7 43. c3 Nd6 44. Kc2 Ke6 45. Kd3 Nf5 46. Bg5 Kd6 47. c4 dxc4+ 48. bxc4 bxc4+ 49. Kxc4 Kc6 50. Bf6 Kd6 51. Kc3 Ke6 52. Bd8 Kd5 53. Kb4 Nd4 54. Bf6 Nxf3 55. Ka5 Nd2 56. Kxa6 Ne4 57. Be7 Kc6 58. Ka5 Ng3 59. b4 Nf5 60. b5+ Kb7 61. Bf6 Ne3 62. Bd4 Nf5 63. Bf2 Nd6 64. Kb4 Kc8 65. Bd4 Nf5 66. Bf6 Nd6 67. Bg5 Nb7 68. b6 Kd7 69. Kb5 Kd6 70. Ka6 Nc5+ 71. Ka7 Kc6 72. Be7 1-0

[Event "Roux CREC op"]
[Site "Roux"]
[Date "2009.07.27"]
[Round "3"]
[White "Delaney, John Anthony"]
[Black "Dgebuadze, Alexandre"]
[Result "0-1"]
[WhiteElo "2227"]
[BlackElo "2516"]
[PlyCount "36"]
[EventDate "2009.07.25"]
[EventType "swiss"]
[EventRounds "9"]
[EventCountry "BEL"]
[SourceTitle "EXT 2010"]
[Source "ChessBase"]
[SourceDate "2010.11.25"]
[SourceVersion "1"]
[SourceVersionDate "2010.11.25"]
[SourceQuality "1"]

1. e4 e6 2. d4 d5 3. Nc3 Bb4 4. e5 Ne7 5. a3 Bxc3+ 6. bxc3 c5 7. h4 Qc7 8. Rh3 Nbc6 9. h5 h6 10. Qg4 Nf5 11. Qf4 cxd4 12. g4 Nfe7 13. cxd4 Bd7 14. Bd2 f6 15. exf6 Qxf4 16. Bxf4 gxf6 17. 0-0-0 e5 18. dxe5 fxe5 0-1